[Event "St Petersburg-Paris"]
[Site "Paris"]
[Date "1996.??.??"]
[Round "8"]
[White "Nepomnishay, Mikhail I"]
[Black "Marciano, David"]
[Result "1-0"]
[WhiteElo "2470"]
[BlackElo "2495"]

1.d4 Nf6 2.c4 e6 3.Nf3 d5 4.Nc3 Be7 5.Bf4 O-O 6.e3 c5 7.dxc5 Bxc5 8.Qc2 Nc6
9.a3 Qa5 10.Rd1 Ne4 11.cxd5 exd5 12.Rxd5 Nxc3 13.bxc3 Ne7 14.Rd1 Bf5 15.Bd3 Bxa3
16.O-O Bxd3 17.Rxd3 Ng6 18.Ra1 Nxf4 19.exf4 Rfd8 20.Re3 Rd6 21.Qb3 Ra6 22.c4 Rc8
23.g3 Qc5 24.Rxa3 Rxa3 25.Qxa3 Qxa3 26.Rxa3 a6 27.Rd3 Kf8 28.Rd7 Rb8 29.Ng5 a5
30.Rxf7+ Kg8 31.Rd7 a4 32.Rd3 Rc8 33.Nf3 Rxc4 34.Rd8+ Kf7 35.Ne5+ Ke7 36.Rd7+ Ke6
37.Rxb7 Rc3 38.Rxg7 a3 39.Ra7 Kd5 40.Kg2  1-0

[Event "Plzen opJ-A"]
[Site "Plzen"]
[Date "1996.??.??"]
[Round "1"]
[White "Neuman, Petr"]
[Black "Blecha, Milan"]
[Result "1-0"]
[WhiteElo "2205"]
[BlackElo "1915"]

1.d4 d5 2.c4 e6 3.Nf3 Nf6 4.Nc3 Be7 5.Bf4 c6 6.e3 O-O 7.Qc2 Nbd7 8.h3 Qa5
9.Nd2 Bb4 10.Bd3 Re8 11.O-O Bxc3 12.bxc3 e5 13.Bh2 b6 14.a4 e4 15.Be2 Qa6
16.a5 bxa5 17.Rfb1 Nb6 18.Nb3 Qb7 19.Nxa5 Qd7 20.c5 Nc4 21.Bxc4 dxc4 22.Nxc4 Nd5
23.Nd6 Re7 24.c4 Nf6 25.Rb2 Qd8 26.Nxc8 Rxc8 27.Qa4 Ne8 28.Rab1 f5 29.Rb8 Qd7
30.Bd6 Nxd6 31.cxd6 Ree8 32.Rxc8 Rxc8 33.c5  1-0

[Event "Porto San Giorgio op"]
[Site "Porto San Giorgio"]
[Date "1996.??.??"]
[Round "?"]
[White "Komarov, Dimitri"]
[Black "Mascellani, Marco"]
[Result "1-0"]
[WhiteElo "2530"]
[BlackElo "2225"]

1.d4 Nf6 2.Nf3 d5 3.c4 e6 4.Nc3 Be7 5.Bf4 O-O 6.e3 c5 7.dxc5 Bxc5 8.Qc2 Nc6
9.a3 d4 10.Rd1 e5 11.Nxe5 Qe7 12.Nxc6 bxc6 13.b4 dxe3 14.Be2 exf2+ 15.Kf1 Bb6
16.Bd6 Qe6 17.c5 Rd8 18.Bg3 Ng4 19.Bxg4 Qxg4 20.cxb6 Ba6+ 21.Kxf2  1-0

[Event "EU-ch U18"]
[Site "Rimavska Sobota"]
[Date "1996.??.??"]
[Round "8"]
[White "Rabinovich, Alexander"]
[Black "Dervishi, Erald"]
[Result "1-0"]
[WhiteElo "2295"]
[BlackElo "2290"]

1.d4 Nf6 2.c4 e6 3.Nc3 d5 4.Nf3 Be7 5.Bf4 O-O 6.e3 c5 7.dxc5 Bxc5 8.Qc2 Nc6
9.a3 Qa5 10.O-O-O Be7 11.g4 dxc4 12.Bxc4 e5 13.g5 exf4 14.gxf6 Bxf6 15.Nd5 Qd8
16.Nxf4 Bd7 17.Rd5 Na5 18.Rh5 Re8 19.Qxh7+ Kf8 20.Nd5 g6 21.Ng5 Bg7 22.Nxf7 Qc8
23.Nd6 Nxc4 24.Nxc8 Raxc8 25.Rg1 Re6 26.Rf5+ Rf6 27.Rxf6+ Bxf6 28.Nxf6 Nxe3+
29.Kd2  1-0

[Event "Seefeld op"]
[Site "Seefeld"]
[Date "1996.??.??"]
[Round "?"]
[White "Gruener, Reinhard"]
[Black "Volf, Rudolf"]
[Result "1-0"]
[WhiteElo "2025"]
[BlackElo "1610"]

1.d4 d5 2.c4 e6 3.Nf3 Nf6 4.Nc3 Be7 5.Bf4 a6 6.e3 O-O 7.Qc2 Bd6 8.Bg5 Be7
9.Bd3 dxc4 10.Bxc4 Nbd7 11.O-O h6 12.Bh4 b5 13.Be2 Bb7 14.Rfd1 Nd5 15.Bxe7 Nxe7
16.Ne4 Bxe4 17.Qxe4 Nf6 18.Qc2 Qd6 19.a3 Rac8 20.b4 Qb6 21.Ne5 Rfd8 22.Rdc1 Nd7
23.Nd3 Nf6 24.Nc5 Ng6 25.Bf3 Nh4 26.Bb7 Rb8 27.Bxa6 Qc6 28.f3 Rb6 29.Qf2 Ng6
30.Nb7 Qd7 31.Nxd8 Qxd8 32.Bxb5 Rxb5 33.Rc5 Rb7 34.Rac1 Ra7 35.Qb2 Ne8 36.b5 Ne7
37.e4 Qa8 38.R1c3 Nc8 39.Rb3 Nb6 40.Rc6 Nd6 41.Qc3 Na4 42.Qb4 Rb7 43.Ra6 Ra7
44.Qxa4 Nxb5 45.Rxa7 Nxa7 46.Qa6 f5 47.Rb7 fxe4 48.Qxa7 Qxa7 49.Rxa7 exf3
50.Rxc7 fxg2 51.h4 g5 52.hxg5 hxg5 53.a4 Kf8 54.a5 Ke8 55.a6 Kd8 56.Rh7 e5
57.a7  1-0

[Event "EU-ch U20"]
[Site "Siofok"]
[Date "1996.??.??"]
[Round "2"]
[White "Nisipeanu, Liviu Dieter"]
[Black "Savic, Miodrag R"]
[Result "1-0"]
[WhiteElo "2500"]
[BlackElo "2345"]

1.Nf3 Nf6 2.c4 e6 3.Nc3 d5 4.d4 Be7 5.Bf4 O-O 6.e3 Nbd7 7.Rc1 c6 8.Bd3 dxc4
9.Bxc4 Nd5 10.O-O Nxf4 11.exf4 Nb6 12.Bd3 Nd5 13.Qd2 Bd7 14.Rfe1 Rc8 15.Ne5 g6
16.a3 Nxc3 17.Rxc3 Be8 18.Be4 Bf6 19.Qe3 Qd6 20.Bc2 Rd8 21.Rd1 Bg7 22.Bb3 Qe7
23.Qc1 Qc7 24.h4 Qb6 25.Rcd3 Kh8 26.h5 gxh5 27.f5 exf5 28.Qf4 f6 29.Nc4 Qa6
30.Re3 Bf7 31.Rc1 Bxc4 32.Bxc4 Qb6 33.Qxf5 Qc7 34.Rce1 Qd7 35.Be6 Qe8 36.Rg3 Rxd4
37.Kf1 h4 38.Bg8 Rxg8 39.Rxe8 Rxe8 40.Re3 Rxe3 41.Qc8+  1-0

[Event "Sochi"]
[Site "Sochi"]
[Date "1996.??.??"]
[Round "?"]
[White "Dragomarezkij, Evgeni"]
[Black "Koniushkov, Igor"]
[Result "0-1"]
[WhiteElo "2455"]
[BlackElo "2280"]

1.d4 d5 2.c4 e6 3.Nc3 Be7 4.Nf3 Nf6 5.Bf4 O-O 6.e3 b6 7.Qc2 Bb7 8.cxd5 Nxd5
9.Nxd5 Qxd5 10.Bd3 c5 11.dxc5 h6 12.cxb6 Qa5+ 13.Ke2 Rc8 14.Qb3 axb6 15.Rhc1 Na6
16.Qb5 Qxb5 17.Bxb5 Bf6 18.Ne5 Rc5 19.Rxc5 Nxc5 20.a3 g5 21.Bg3 Ra5 22.Bc4 Na4
23.b3 Nc3+ 24.Kd3 Rxe5 25.Bxe5 Bxe5 26.Kc2 Bxg2 27.f4 gxf4 28.exf4 Be4+ 29.Bd3 Bd4
30.Bxe4 Nxe4 31.Rd1 Bc5 32.b4 Bd6 33.a4 Bxf4 34.a5 bxa5 35.Rd4 axb4 36.Rxe4 Bxh2
37.Rxb4 Kh7 38.Rh4 Be5 39.Kd3 f5 40.Rh1 Kg6 41.Ke3 Bf6 42.Rg1+ Bg5+ 43.Kf3 e5
44.Re1 Kf6 45.Re2 h5 46.Re1 h4 47.Re2 e4+ 48.Rxe4 fxe4+ 49.Kxe4 h3 50.Kf3 Bh4  0-1

[Event "Rudenko mem"]
[Site "St Petersburg"]
[Date "1996.??.??"]
[Round "2"]
[White "Dubinka, Inna"]
[Black "Skripova, T."]
[Result "1-0"]
[WhiteElo "2235"]
[BlackElo "2095"]

1.d4 Nf6 2.c4 e6 3.Nf3 d5 4.Nc3 Be7 5.Bf4 O-O 6.e3 dxc4 7.Bxc4 c5 8.O-O cxd4
9.exd4 Nbd7 10.Nb5 Nb6 11.Bc7 Qe8 12.Bxb6 axb6 13.Nc7 Qa4 14.Nxa8 Qxa8 15.Qe2 Qb8
16.Ne5 Qd6 17.Rad1 Bd7 18.Nxd7 Qxd7 19.a3 Rc8 20.Ba2 Bd6 21.Rc1 Rd8 22.Rfd1 g6
23.Rc3 Kg7 24.Qf3 Bb8 25.Rcd3 Bd6 26.g3 Bb8 27.Kg2 Ne8 28.Qe3 Nf6 29.d5 e5
30.Qxb6 Qg4 31.Qxd8 Nh5 32.Kh1 e4 33.Qxb8 exd3 34.Qe5+  1-0

[Event "Petrov mem"]
[Site "St Petersburg"]
[Date "1996.??.??"]
[Round "4"]
[White "Lugovoi, Aleksei"]
[Black "Sirotkina, Nina"]
[Result "1/2-1/2"]
[WhiteElo "2470"]
[BlackElo "2245"]

1.d4 d5 2.c4 e6 3.Nf3 Nf6 4.Nc3 Be7 5.Bf4 O-O 6.e3 b6 7.Rc1 Bb7 8.cxd5 exd5
9.Bd3 c5 10.Ne5 Nbd7 11.Qf3 Nxe5 12.dxe5 Ne8 13.O-O Nc7 14.Rfd1 Qc8 15.Bg3 Qe6
16.Bf5 Qc6 17.b4 Rad8 18.h4 g6 19.Bb1 a6 20.h5 Ne6 21.Qg4 Bc8 22.Qe2 Ng7
23.hxg6 hxg6 24.e4 dxe4 25.Bxe4 Qe6 26.Nd5 Bb7 27.Nf4 Qc8 28.Rxd8 Rxd8 29.Bxb7 Qxb7
30.e6 Bg5 31.bxc5 bxc5 32.Qg4 Bxf4 33.exf7+ Qxf7 34.Bxf4 Rd4 35.Qc8+ Qe8
36.Qxe8+ Nxe8 37.Be3 Ra4 38.Rc2 c4 39.Kf1 Nf6 40.Ke2 Nd5 41.a3  1/2-1/2

[Event "Petrov mem"]
[Site "St Petersburg"]
[Date "1996.??.??"]
[Round "4"]
[White "Nepomnishay, Mikhail I"]
[Black "Asrian, Karen"]
[Result "1/2-1/2"]
[WhiteElo "2470"]
[BlackElo "2310"]

1.d4 d5 2.c4 e6 3.Nf3 Nf6 4.Nc3 Be7 5.Bf4 O-O 6.e3 c6 7.Qc2 Nbd7 8.Rd1 Re8
9.a3 Nf8 10.Bd3 Ng6 11.Bg3 Bd6 12.O-O Bxg3 13.hxg3 Qc7 14.Rd2 a6 15.e4 dxc4
16.Bxc4 e5 17.Ng5 Rf8 18.d5 h6 19.d6 Qd8 20.Nf3 Bg4 21.Nd1 Qd7 22.Ne3 Be6
23.Rfd1 Rad8 24.Bxe6 Qxe6 25.Nc4 Rfe8 26.b4 Nd7 27.Na5 Rb8 28.Nb3 Ngf8 29.Nc5 Qf6
30.a4 Qd8 31.Qc3 a5 32.bxa5 Nxc5 33.Qxc5 Nd7 34.Qc3 Ra8 35.Rb2 Qxa5 36.Qxa5 Rxa5
37.Rxb7 Rd8 38.Rc7 Rxa4 39.Rxd7 Rxd7 40.Nxe5 Rd8 41.Nxc6 Rd7 42.e5 g5 43.Ne7+ Kg7
44.Nc6 h5 45.Nd4 Ra5 46.f4 h4 47.gxh4 gxf4 48.Nf3 Kg6 49.Kh2 Rc5 50.Kh3 Kf5
51.h5 Rc8 52.Re1 f6 53.exf6 Kxf6 54.Re4 Rxd6 55.Rxf4+ Kg7 56.Nd4 Rd5 57.g4 Kh7
58.Nf3 Kg8 59.h6 Kh7 60.g5 Rxg5 61.Nxg5+ Kxh6 62.Nf3 Kg6 63.Kg4 Rc5 64.Rb4 Kf6
65.Rb6+ Ke7 66.Kf4 Kd7 67.Rh6 Kc7 68.Nd4 Rc1 69.Ke4 Re1+ 70.Kd5 Rd1 71.Rh7+ Kb6
72.Rd7 Rc1  1/2-1/2

[Event "Rudenko mem"]
[Site "St Petersburg"]
[Date "1996.??.??"]
[Round "4"]
[White "Kozlovskaya, Valentina"]
[Black "Skripova, T."]
[Result "1-0"]
[WhiteElo "2240"]
[BlackElo "2095"]

1.d4 Nf6 2.Nf3 e6 3.c4 d5 4.Nc3 Be7 5.Bf4 O-O 6.e3 c6 7.Qc2 Nbd7 8.cxd5 exd5
9.Bd3 Re8 10.O-O Nf8 11.h3 Ne6 12.Be5 g6 13.a3 Ng7 14.b4 Bf5 15.Rfc1 Rc8
16.Bxf5 Nxf5 17.Qd3 Nd6 18.Nd2 Qd7 19.Rab1 Qe6 20.a4 Nd7 21.Bh2 Nb6 22.Nb3 Ne4
23.Nc5 Bxc5 24.bxc5 Nxc3 25.Qxc3 Nxa4 26.Qa5 b5 27.Qxa7 Qf5 28.Rb3 Qh5 29.f3 Qg5
30.Bf4 Qd8 31.Bd6 Qg5 32.Qd7 h5 33.Bf4 Qf6 34.Be5 Qg5 35.f4 Qh4 36.f5 Red8
37.Qb7 gxf5 38.Rf1 Qe4 39.Qe7 Nxc5 40.Qg5+ Kf8 41.Bg7+ Ke8 42.dxc5 Ra8 43.Rxf5 Qc2
44.Re5+ Kd7 45.Qf5+ Qxf5 46.Rxf5 Rg8 47.Rxf7+ Ke6 48.Rc7 Kf5 49.Rb4 Ra4 50.Rxa4 bxa4
51.Ra7 Ke4 52.Bd4 Rg6 53.Rxa4 Kd3 54.Ra7  1-0

[Event "Petrov mem"]
[Site "St Petersburg"]
[Date "1996.??.??"]
[Round "8"]
[White "Ibragimov, Ildar"]
[Black "Rustemov, Alexander"]
[Result "1/2-1/2"]
[WhiteElo "2575"]
[BlackElo "2495"]

1.d4 d5 2.c4 e6 3.Nf3 Nf6 4.Nc3 Be7 5.Bf4 O-O 6.e3 c5 7.dxc5 Bxc5 8.Be2 dxc4
9.Bxc4 Nc6 10.O-O Be7 11.h3 a6 12.Qe2 b5 13.Rad1 Qb6 14.Bd3 Bb7 15.e4 b4
16.Na4 Qa5 17.b3 Rfd8 18.Qe3 Nd7 19.Rc1 Rac8 20.e5 Ncb8 21.Be4 Bxe4 22.Qxe4 Nc5
23.Nxc5 Bxc5 24.Ng5 g6 25.Be3 Nd7 26.Qh4 h5 27.Bxc5 Rxc5 28.Rxc5 Nxc5 29.Qf4 Rf8
30.Qe3 Nd7 31.Re1 Qc5 32.Qf4 Qc3 33.Re3 Qa1+ 34.Kh2 a5 35.g3 Qxa2 36.Ne4 Qb2
37.Nd6 Kg7 38.Nc4 Qa2 39.Kg2 a4 40.Qd4 Nb8 41.Qd6 axb3 42.Qxb4 Qa8+ 43.Kh2 Nc6
44.Qxb3 Nd4 45.Qd3 Nf5 46.Re2 Qa6 47.Rd2 Qb5 48.Qe4  1/2-1/2

[Event "SUI-chT"]
[Site "SUI"]
[Date "1996.??.??"]
[Round "6"]
[White "Pelletier, Yannick"]
[Black "Donev, Ivo Hristov"]
[Result "1/2-1/2"]
[WhiteElo "2450"]
[BlackElo "2400"]

1.d4 d5 2.c4 e6 3.Nc3 Be7 4.Nf3 Nf6 5.Bf4 O-O 6.e3 a6 7.Qc2 Nbd7 8.Rd1 c6
9.h3 b5 10.c5 b4 11.Na4 a5 12.a3 Ba6 13.Bxa6 Rxa6 14.O-O Qa8 15.Ne1 Qb7 16.b3 Rfa8
17.Nd3 bxa3 18.Ra1 Bd8 19.Rxa3 Bc7 20.Bxc7 Qxc7 21.Rfa1 e5 22.dxe5 Nxe5 23.Nb6 R8a7
24.Nb4 Rxb6 25.cxb6 Qxb6 26.Nd3 Nxd3 27.Qxd3 h6 28.Qf5 Ra8 29.Qe5 Ne4 30.Qd4 Qxd4
31.exd4 Rb8 32.Rc1 Nd2 33.Rxa5 Rxb3 34.Ra4 Nc4 35.Rd1 Rb6 36.Ra7 Nd6 37.Rd7 Nb5
38.Re1 Rb8 39.Ree7 Rf8 40.g4 Nxd4 41.Rc7 g5 42.Kg2 Kg7 43.Red7 Kf6 44.Rd6+ Ke5
45.Rxh6 f6 46.Rhh7 Rd8 47.Rhf7 Rd6 48.Rce7+ Re6 49.f4+ Kxf4 50.Rxe6 Nxe6
51.Rxf6+ Ke5 52.Rh6 c5 53.Kf3 c4 54.h4 c3 55.hxg5 c2 56.Rh1 d4 57.Rc1 d3
58.Ke3 Nc5 59.Rxc2 dxc2 60.Kd2  1/2-1/2

[Event "SVK-chT9596"]
[Site "?"]
[Date "1996.??.??"]
[Round "13"]
[White "Debnar, Lubos"]
[Black "Harasta, Vladimir"]
[Result "0-1"]
[WhiteElo "2265"]
[BlackElo "2170"]

1.d4 d5 2.c4 e6 3.Nc3 Nf6 4.Nf3 Be7 5.Bf4 O-O 6.e3 c5 7.cxd5 Nxd5 8.Nxd5 exd5
9.dxc5 Bxc5 10.a3 Nc6 11.Bd3 Bb6 12.Ng5 h6 13.Qh5 Qf6 14.O-O-O Bf5 15.Nf3 Bxd3
16.Rxd3 d4 17.Kb1 Rad8 18.Rhd1 g5 19.Nxg5 hxg5 20.Bxg5 Rd5 21.f4 Qg6 22.Qf3 Rxg5
23.fxg5 Ne5  0-1

[Event "GEO-ch"]
[Site "Tbilisi"]
[Date "1996.??.??"]
[Round "?"]
[White "Kacheishvili, Giorgi"]
[Black "Janjgava, Lasha"]
[Result "1/2-1/2"]
[WhiteElo "2460"]
[BlackElo "2495"]

1.d4 d5 2.c4 e6 3.Nc3 Be7 4.Nf3 Nf6 5.Bf4 O-O 6.e3 c6 7.h3 Nbd7 8.Qc2 b6
9.Rd1 Ba6 10.Ne5 Qc8 11.Be2 Nxe5 12.dxe5 Nd7 13.O-O b5 14.cxb5 cxb5 15.Qd3 Rb8
16.e4 Nc5 17.Qg3 Rd8 18.exd5 b4 19.Bxa6 Qxa6 20.d6 Bf8 21.Nb1 Qxa2 22.Qe3 Nd7
23.Qd4 Rb5 24.Nd2 Rd5 25.Qe3 Qxb2 26.Nf3 Nb6 27.Ra1 Rd7 28.Qe4 b3 29.Be3 Qc2
30.Qxc2 bxc2 31.Rfc1 Rd1+ 32.Rxd1 cxd1=Q+ 33.Rxd1 f6  1/2-1/2

[Event "GEO-ch"]
[Site "Tbilisi"]
[Date "1996.??.??"]
[Round "?"]
[White "Bagaturov, Giorgi"]
[Black "Janjgava, Lasha"]
[Result "1/2-1/2"]
[WhiteElo "2460"]
[BlackElo "2495"]

1.d4 d5 2.c4 e6 3.Nf3 Nf6 4.Nc3 Be7 5.Bf4 O-O 6.e3 c5 7.dxc5 Bxc5 8.Qc2 Nc6
9.a3 Qa5 10.O-O-O Be7 11.g4 dxc4 12.Bxc4 Rd8 13.h3 Bd7 14.e4 Be8  1/2-1/2

[Event "Tel Aviv Cup rapid"]
[Site "Tel Aviv"]
[Date "1996.??.??"]
[Round "1"]
[White "Avrukh, Boris"]
[Black "Boim, Inon"]
[Result "1-0"]
[WhiteElo "2495"]
[BlackElo "2390"]

1.d4 d5 2.c4 e6 3.Nc3 Be7 4.Nf3 Nf6 5.Bf4 c6 6.e3 O-O 7.Qc2 Nbd7 8.h3 Re8
9.Rd1 b6 10.Be2 Bb7 11.O-O dxc4 12.Bxc4 Nd5 13.Bg3 Nxc3 14.bxc3 Nf8 15.Qe2 Bd6
16.Ne5 Qc7 17.f4 f6 18.Ng4 f5 19.Ne5 c5 20.Bh4 a6 21.a4 Ng6 22.Be1 Nxe5 23.fxe5 Bf8
24.Rxf5 b5 25.Ba2 c4 26.Rf4 bxa4 27.Bxc4 a3 28.Ba2 a5 29.e4 Ba6 30.c4 Rab8
31.Rf2 Rec8 32.Qf3 Bb4 33.c5 Re8 34.Qg4 Qe7 35.Rf6 Be2 36.Rxe6 Bxg4 37.Rxe7+  1-0

[Event "Tel Aviv Cup rapid"]
[Site "Tel Aviv"]
[Date "1996.??.??"]
[Round "2"]
[White "Kaspi, Alexander"]
[Black "Huzman, Alexander"]
[Result "0-1"]
[WhiteElo "2475"]
[BlackElo "2570"]

1.c4 e6 2.d4 d5 3.Nc3 Be7 4.Nf3 Nf6 5.Bf4 O-O 6.e3 c5 7.cxd5 Nxd5 8.Nxd5 Qxd5
9.dxc5 Qxc5 10.a3 Nc6 11.Rc1 Qb6 12.Qc2 Bf6 13.b4 h6 14.Be2 Bd7 15.O-O Rfc8
16.Qb1 Ne7 17.Be5 Nd5 18.Bxf6 Nxf6 19.Ne5 Bb5 20.Bxb5 Qxb5 21.Nf3 Nd5 22.Nd4 Qa4
23.Qd3 a6 24.h3 Nf6 25.e4 Rd8 26.Qe3 Rac8 27.f3 Nd7 28.Qb3 Nb6 29.Qxa4 Nxa4
30.Nb3 b6 31.Rxc8 Rxc8 32.Rc1 Rd8 33.Rc4 Rd3 34.Nd4 Rxa3 35.Rc8+ Kh7 36.Ra8 Nc3
37.Ra7 Kg6 38.Nc6 f6 39.Nd4 f5 40.e5 f4 41.Nxe6 Kf5 42.Nxg7+ Kxe5 43.Nh5 Nd5
44.Rh7 Ra1+ 45.Kf2 Ra2+ 46.Ke1 Ne3 47.Rxh6 Nxg2+ 48.Kd1 Ne3+ 49.Kc1 Nd5 50.Ng7 b5
51.Re6+ Kd4 52.Nf5+ Kc3 53.Rc6+ Kxb4 54.Nd4 Nc3 55.h4 Na4 56.Kb1 Rd2  0-1

[Event "CRO-chT"]
[Site "Tucepi"]
[Date "1996.??.??"]
[Round "?"]
[White "Bukal, Vladimir Jr"]
[Black "Keglevic, Pavao"]
[Result "1-0"]
[WhiteElo "2340"]
[BlackElo "2250"]

1.d4 Nf6 2.c4 e6 3.Nf3 d5 4.Nc3 Be7 5.Bf4 O-O 6.e3 a6 7.c5 b5 8.b4 c6 9.a4 Bb7
10.Qb3 Ne4 11.axb5 cxb5 12.Bxb8 Qxb8 13.Bd3 Bc6 14.O-O Bd8 15.Bxe4 dxe4 16.Ne5 Qb7
17.Nxc6 Qxc6 18.d5 exd5 19.Qxd5 Qxd5 20.Nxd5 f5 21.c6 Rf7 22.Rfc1 Bc7 23.Kf1 Kf8
24.Rc5 g6 25.Rxb5 Be5 26.Ra2 Rfa7 27.Rba5 Rd8 28.Rc5 Bd6 29.c7 Rc8 30.Rc6 Bxb4
31.Nxb4 Raxc7 32.Raxa6 Kg7 33.Ke2 Kh6 34.f3 exf3+ 35.Kxf3 Kg5 36.g3 Rxc6
37.Nxc6 Rc7 38.Nd4 Re7 39.Re6 Rf7 40.h4+ Kh5 41.Kf4 h6 42.Nf3 Ra7 43.Ne5 Ra4+
44.Kf3 Re4 45.Nxg6 Ra4 46.Nf4+ Rxf4+ 47.gxf4 Kxh4 48.Rxh6+  1-0

[Event "CZE-ch"]
[Site "Turnov"]
[Date "1996.??.??"]
[Round "8"]
[White "Nedela, Vlastimil"]
[Black "Bazant, Petr Sr"]
[Result "1/2-1/2"]
[WhiteElo "2445"]
[BlackElo "2295"]

1.c4 e6 2.Nc3 d5 3.d4 Be7 4.Nf3 Nf6 5.Bf4 O-O 6.e3 c6 7.Qc2 Nbd7 8.Bd3 dxc4
9.Bxc4 Nb6 10.Be2 Nbd5 11.Bg3 Nxc3 12.bxc3 c5 13.Ne5 cxd4 14.exd4 Nd7 15.Bd3 h6
16.O-O Nxe5 17.Bxe5 Bd7 18.Bh7+ Kh8 19.Be4 Bc6 20.Bxc6 bxc6 21.Qa4 Qc8 22.Rfe1 Rd8
23.Rad1 Bd6 24.h3 Qc7 25.f4 Rab8 26.Qc2 Rb5 27.c4 Rb4 28.Rb1 Rxb1 29.Rxb1 f6
30.c5 Bxe5 31.dxe5 fxe5 32.fxe5 Qxe5 33.Rf1 Kg8 34.Kh1 Rf8 35.Rd1 a5 36.Qc4 Rf4
37.Qb3 Re4 38.Rd8+ Kf7 39.Qb7+ Kg6 40.Qb1 Qf5 41.Rd6 Qe5 42.Rd1 Kf6 43.Rf1+ Rf4
44.Rxf4+ Qxf4 45.Qb6 Qf1+ 46.Kh2 Qf4+ 47.Kh1 Qf1+  1/2-1/2

[Event "Ubeda op"]
[Site "Ubeda"]
[Date "1996.??.??"]
[Round "?"]
[White "Suba, Mihai"]
[Black "Margolin, Boris"]
[Result "1-0"]
[WhiteElo "2565"]
[BlackElo "2380"]

1.c4 e6 2.Nc3 d5 3.d4 Nf6 4.Nf3 Be7 5.Bf4 O-O 6.e3 c5 7.dxc5 Nc6 8.a3 Bxc5
9.Qc2 Qa5 10.Nd2 Be7 11.Be2 e5 12.Bg3 d4 13.Nb3 Qb6 14.exd4 exd4 15.Nb5 Bg4
16.Bxg4 Nxg4 17.O-O Rac8 18.Rad1 Rfd8 19.Rfe1 Nf6 20.Qd3 Rd7 21.Bd6 Qd8 22.Bxe7 Rxe7
23.h3 h6 24.Rxe7 Qxe7 25.N5xd4 Nxd4 26.Nxd4 Qc5 27.Nf5 Rc7 28.Qg3 g6 29.Nxh6+ Kh7
30.Nf5 Nh5 31.Qe3  1-0

[Event "Ubeda op"]
[Site "Ubeda"]
[Date "1996.??.??"]
[Round "?"]
[White "Matamoros Franco, Carlos S"]
[Black "Martinovsky, Eugene"]
[Result "1-0"]
[WhiteElo "2430"]
[BlackElo "2285"]

1.d4 Nf6 2.c4 e6 3.Nf3 d5 4.Nc3 Be7 5.Bf4 a6 6.e3 dxc4 7.Bxc4 b5 8.Bd3 Bb7
9.Qe2 O-O 10.O-O c5 11.dxc5 Bxc5 12.Rfd1 Qb6 13.a4 b4 14.a5 Qa7 15.Na4 Nbd7
16.Ne5 Rfd8 17.Bxh7+ Kxh7 18.Rxd7 Rxd7 19.Nxd7 Nxd7 20.Qd3+ Kg8 21.Qxd7 Bd5
22.Qxa7 Bxa7 23.Nb6 Re8 24.Bd6 b3 25.Rc1 Bb8 26.Bxb8 Rxb8 27.f3 f5 28.Kf2 Kf7
29.Rc7+ Kg6 30.Nxd5 exd5 31.Rc6+ Kf7 32.Rxa6 Rc8 33.Rd6 Rc2+ 34.Kg3 g5 35.Rxd5 f4+
36.exf4 gxf4+ 37.Kh3 Ke6 38.Rb5 Rxb2 39.a6 Kf6 40.g3 Ke6 41.Kg4 Rxh2 42.Kxf4  1-0

[Event "Carl Schlechter mem"]
[Site "Vienna"]
[Date "1996.??.??"]
[Round "5"]
[White "Zoebisch, Herbert"]
[Black "Schuh, Franz"]
[Result "1/2-1/2"]
[WhiteElo "2245"]
[BlackElo "2285"]

1.d4 d5 2.c4 e6 3.Nc3 Nf6 4.Nf3 Be7 5.Bf4 O-O 6.e3 b6 7.cxd5 Nxd5 8.Nxd5 exd5
9.Bd3 c5 10.O-O Nc6 11.Ne5 Nxe5 12.Bxe5 c4 13.Bc2 Be6 14.Qh5 f5 15.f4 g6
16.Qe2 b5 17.h3 Bf6 18.Kh1 a5 19.Rf2 b4 20.Rg1 a4 21.g4 Bxe5 22.dxe5 d4 23.Bxf5 Bd5+
24.e4 gxf5 25.gxf5+ Kh8 26.exd5 Qxd5+ 27.Kh2 d3 28.Qh5 Rg8 29.Rg5 d2 30.Rfg2 Rxg5
31.Qxg5 Qxg2+ 32.Qxg2 d1=Q 33.Qxa8+ Kg7 34.Qb7+ Kg8 35.Qc8+ Kg7 36.f6+ Kg6
37.Qg8+ Kf5 38.Qxh7+ Kxf4 39.Qh4+ Kxe5 40.Qf2 Ke6  1/2-1/2

[Event "Vienna op"]
[Site "Vienna"]
[Date "1996.??.??"]
[Round "6"]
[White "Ibragimov, Ildar"]
[Black "Lputian, Smbat G"]
[Result "1-0"]
[WhiteElo "2545"]
[BlackElo "2595"]

1.c4 e6 2.Nf3 d5 3.d4 Nf6 4.Nc3 Be7 5.Bf4 O-O 6.e3 c5 7.dxc5 Bxc5 8.Be2 dxc4
9.Bxc4 Qxd1+ 10.Rxd1 Nc6 11.O-O b6 12.e4 Bb7 13.e5 Na5 14.exf6 Nxc4 15.b3 Bb4
16.Nb5 Na3 17.fxg7 Kxg7 18.Nc7 Bxf3 19.gxf3 Rad8 20.Bg5 Rxd1 21.Rxd1 Kg6
22.Bh4 Nc2 23.Kf1 Rc8 24.Bg3 h5 25.Rd7 a5 26.Nb5 Rc5 27.Nd6 h4 28.Bxh4 Rd5
29.Bg3 Rd1+ 30.Kg2 Ne1+ 31.Kf1 Nc2+ 32.Kg2 Ne1+ 33.Kf1 Nc2+ 34.Kg2 Ne1+ 35.Kh3 Nxf3
36.Rd8 Rd2 37.Kg4 Ng1 38.Rg8+ Kh7 39.Rd8 Kg6 40.Rg8+ Kh7 41.Rd8 Rd4+ 42.Kg5 e5
43.Bxe5 Nf3+ 44.Kf5 Nxe5 45.Kxe5 Rd2 46.f4 Bxd6+ 47.Rxd6 Rxa2 48.Rxb6 Kg7
49.h4 a4 50.b4 a3 51.Kd5 Rf2 52.Ra6 Rxf4 53.b5 Rxh4 54.b6 Rb4 55.Kc6 f5 56.b7 f4
57.Rxa3 Kf6 58.Ra5 f3 59.Ra3  1-0

[Event "Vienna Millenium"]
[Site "Vienna"]
[Date "1996.??.??"]
[Round "9"]
[White "Topalov, Veselin"]
[Black "Gelfand, Boris"]
[Result "1/2-1/2"]
[WhiteElo "2750"]
[BlackElo "2665"]

1.Nf3 Nf6 2.c4 e6 3.Nc3 d5 4.d4 Be7 5.Bf4 O-O 6.e3 c5 7.dxc5 Bxc5 8.a3 Nc6
9.Be2 dxc4 10.Bxc4 Nh5 11.Qxd8 Rxd8 12.Bc7 Rd7 13.Be5 Nxe5 14.Nxe5 Rd8 15.O-O Nf6
16.Rfd1 Bd7 17.Nxd7 Rxd7 18.Rxd7 Nxd7 19.Rd1 Nf6 20.Kf1  1/2-1/2

[Event "Siembra Villa Ballester op"]
[Site "Villa Ballester"]
[Date "1996.??.??"]
[Round "9"]
[White "Juarez, Alberto"]
[Black "Campitelli, Guillermo"]
[Result "1-0"]
[WhiteElo "2290"]
[BlackElo "2170"]

1.d4 d5 2.c4 e6 3.Nc3 Be7 4.Nf3 Nf6 5.Bf4 c5 6.dxc5 Bxc5 7.e3 O-O 8.cxd5 exd5
9.Be5 Be6 10.Bd4 Bd6 11.Be2 Nc6 12.O-O Nxd4 13.Nxd4 Rc8 14.Qb3 Qe7 15.Bf3 Rfd8
16.g3 a6 17.Rfd1 Be5 18.Rd3 b5 19.a3 Qc7 20.Rc1 Nd7 21.Qd1 Nb6 22.b3 Qe7
23.Nxe6 fxe6 24.Bg4 Bf6 25.Ne2 Rxc1 26.Qxc1 Rc8 27.Qd2 Re8 28.e4 Qxa3 29.Nf4 dxe4
30.Rd6 Nc8 31.Rxe6 Rd8 32.Qc2 Nd6 33.Qc7 Qa1+ 34.Kg2 Qc3 35.Qb6 Qd4 36.Qxa6 Qc5
37.Qa5 Re8 38.Rxe8+ Nxe8 39.Qa8 Qe5 40.Bd7 Kf7 41.Bxe8+ Qxe8 42.Qd5+ Kf8
43.Ne6+ Ke7 44.Nc5 Qc8 45.Qxe4+ Kf7 46.Qd5+ Kg6 47.Nd3 Qe8 48.Nf4+ Kh6 49.Qe6 Qxe6
50.Nxe6 Kg6 51.g4 Be5 52.h4 Kf6 53.Nc5 Bd4 54.Nd3 Ke6 55.f4 Kd5 56.Kf3 h6  1-0

[Event "Winterthur"]
[Site "Winterthur"]
[Date "1996.??.??"]
[Round "6"]
[White "Hjartarson, Johann"]
[Black "King, Daniel J"]
[Result "1-0"]
[WhiteElo "2565"]
[BlackElo "2535"]

1.d4 Nf6 2.c4 e6 3.Nf3 d5 4.Nc3 Be7 5.Bf4 O-O 6.e3 c5 7.dxc5 Bxc5 8.a3 Nc6
9.Qc2 Qa5 10.O-O-O Be7 11.h4 dxc4 12.Bxc4 a6 13.Ng5 b5 14.Nce4 g6 15.Bb3 Bb7
16.Nxf6+ Bxf6 17.Ne4 Be5 18.Nc5 Bxf4 19.exf4 Qc7 20.Kb1 Rad8 21.Nxb7 Qxb7
22.Qe4 b4 23.a4 Qb6 24.h5 Na5 25.Rxd8 Qxd8 26.Bc2 Qf6 27.Qxb4 Nc6 28.Qc3 Nd4
29.Rd1 Rd8 30.hxg6 hxg6 31.Be4 Rd6 32.Qc7 e5 33.Qb8+ Kg7 34.Rh1  1-0

[Event "Winterthur"]
[Site "Winterthur"]
[Date "1996.??.??"]
[Round "10"]
[White "Hjartarson, Johann"]
[Black "Kelecevic, Nedeljko"]
[Result "1/2-1/2"]
[WhiteElo "2565"]
[BlackElo "2475"]

1.d4 Nf6 2.c4 e6 3.Nf3 d5 4.Nc3 Be7 5.Bf4 O-O 6.e3 c5 7.dxc5 Qa5 8.a3 dxc4
9.Bxc4 Qxc5 10.Qe2 Nd5 11.Nxd5 exd5 12.Bd3 Qa5+ 13.Qd2 Qxd2+ 14.Kxd2 Nc6
15.b4 Bf6 16.Rab1 Bg4 17.Rhc1 Rac8 18.Rc5 Rfd8 19.Bg5 Bxg5 20.Nxg5 h6 21.h3 hxg5
22.hxg4 b6 23.Rc3 Ne5 24.Be2 d4 25.exd4 Rxd4+ 26.Ke3 Rxc3+ 27.Kxd4 Rc7 28.Kxe5 Re7+
29.Kd6 Rxe2 30.Kc6 Rxf2 31.Kb7 Rxg2 32.Kxa7 Rxg4 33.Kxb6 f5 34.a4 f4 35.a5 f3
36.a6 Rf4 37.a7 Rf8 38.Rf1 g4 39.b5 Kh7 40.Kb7 g3 41.Rxf3 Rxf3 42.a8=Q g2
43.Qe8 Rg3 44.Qh5+ Kg8 45.Qd5+ Kh7 46.Qf5+ Kh8 47.Qh5+ Kg8 48.Qe8+ Kh7 49.Qe4+ Rg6
50.Qh4+ Kg8 51.Qd8+  1/2-1/2

[Event "Yerevan op"]
[Site "Yerevan"]
[Date "1996.??.??"]
[Round "3"]
[White "Minasian, Ara"]
[Black "Kashashvili, Alexandre"]
[Result "1-0"]
[WhiteElo "2425"]
[BlackElo "2255"]

1.Nf3 Nf6 2.c4 e6 3.Nc3 d5 4.d4 Be7 5.Bf4 O-O 6.e3 b6 7.Bd3 Bb7 8.cxd5 exd5
9.O-O c5 10.Rc1 Nbd7 11.dxc5 Nxc5 12.Bb1 Nfe4 13.Be5 Rc8 14.Qc2 Qd7 15.b4 Na6
16.a3 Qe6 17.Qb2 Nd6 18.Bxd6 Qxd6 19.Nb5 Qf6 20.Qxf6 Bxf6 21.Nfd4 Rxc1 22.Rxc1 Rc8
23.Rxc8+ Bxc8 24.Bf5 Bxf5 25.Nxf5 Bb2 26.Ne7+ Kf8 27.Nxd5 Nb8 28.Nxa7 Bxa3
29.Nb5 Bc1 30.Nd4 Nd7 31.Kf1 Bb2 32.Ke2 Ke8 33.Kd2 Kd8 34.Kc2 Ba1 35.Kb1 Bxd4
36.exd4 Kc8 37.Kc2 Kb7 38.b5 Nf8 39.Kd3 f5 40.Ne3 g6 41.Nd5 Ne6 42.Ke3 Ng5
43.Nf6 Kc7 44.h4 Ne6 45.Nxh7 Kd6 46.g3 Kd5 47.Kd3 Nc7 48.Nf8 Nxb5 49.Nxg6 Nxd4
50.Ne7+ Ke5 51.f4+  1-0

[Event "Yerevan ol (Men)"]
[Site "Yerevan"]
[Date "1996.??.??"]
[Round "5"]
[White "Sokolovs, Andrei"]
[Black "Beliavsky, Alexander G"]
[Result "1/2-1/2"]
[WhiteElo "2480"]
[BlackElo "2620"]

1.d4 Nf6 2.c4 e6 3.Nf3 d5 4.Nc3 Be7 5.Bf4 O-O 6.e3 c5 7.dxc5 Bxc5 8.a3 Nc6
9.Qc2 Qa5 10.O-O-O dxc4 11.Bxc4 a6 12.Ng5 Be7 13.h4 h6 14.Nce4 Nxe4 15.Qxe4 Qf5
16.Qxf5 exf5 17.Nf3 Bf6 18.Kb1 Be6 19.Bxe6 fxe6 20.Bd6 Rfd8  1/2-1/2